[Event "Belgrade Radnicki IM 03"]
[Site "Belgrade"]
[Date "2024.03.20"]
[Round "9"]
[White "Damljanovic, Branko"]
[Black "Alimpic, Aleksa"]
[Result "1/2-1/2"]
[WhiteElo "2339"]
[BlackElo "2254"]
[PlyCount "71"]
[EventDate "2024.03.13"]
[EventType "tourn"]
[EventRounds "9"]
[EventCountry "SRB"]
[SourceTitle "CB13_2024"]
[SourceDate "2024.03.27"]
[SourceVersion "1"]
[SourceVersionDate "2024.03.27"]
[SourceQuality "1"]

1. c4 c5 2. Nf3 Nc6 3. Nc3 g6 4. e3 Nf6 5. d4 cxd4 6. exd4 d5 7. cxd5 Nxd5 8. Qb3 Nxc3 9. Bc4 Nd5 10. Bxd5 e6 11. Bxc6+ bxc6 12. 0-0 Qd5 13. Bf4 f6 14. Rfc1 g5 15. Bg3 Be7 16. Rc3 Kf7 17. Rac1 Bd7 18. Qb7 Rhd8 19. h3 a5 20. a4 Ke8 21. Rc4 Bb4 22. b3 Bd6 23. Rc5 Bxc5 24. Rxc5 Qe4 25. Rc1 h5 26. Bc7 Rdc8 27. Re1 Qd5 28. Nd2 Qxd4 29. Ne4 Ra7 30. Qb6 Qxb6 31. Bxb6 Ra6 32. Nd6+ Kf8 33. Nxc8 Bxc8 34. Bc5+ Kf7 35. h4 gxh4 36. Re4 1/2-1/2

[Event "Belgrade Radnicki IM 03"]
[Site "Belgrade"]
[Date "2024.03.19"]
[Round "8"]
[White "Alimpic, Aleksa"]
[Black "Profili, Emilio"]
[Result "1-0"]
[WhiteElo "2254"]
[BlackElo "2129"]
[PlyCount "85"]
[EventDate "2024.03.13"]
[EventType "tourn"]
[EventRounds "9"]
[EventCountry "SRB"]
[SourceTitle "CB13_2024"]
[SourceDate "2024.03.27"]
[SourceVersion "1"]
[SourceVersionDate "2024.03.27"]
[SourceQuality "1"]

1. d4 g6 2. e4 Bg7 3. Nf3 d6 4. Nbd2 Nc6 5. c3 Nf6 6. Bd3 0-0 7. 0-0 e5 8. dxe5 dxe5 9. Qc2 Nh5 10. Rd1 Nf4 11. Bf1 Qf6 12. b4 Bg4 13. a4 Nd8 14. g3 Nh3+ 15. Bxh3 Bxh3 16. Ne1 Kh8 17. Nb3 Qc6 18. c4 f5 19. b5 Qxe4 20. Qxe4 fxe4 21. Be3 b6 22. Nc2 Be6 23. Nd2 Nb7 24. Nb4 Na5 25. Rac1 Rad8 26. c5 Rxd2 27. Bxd2 Bb3 28. Re1 Bxa4 29. cxb6 cxb6 30. Rc7 Nb3 31. Be3 Bxb5 32. Rxa7 Nd4 33. Rea1 Kg8 34. Ra8 Kf7 35. Nd5 Rxa8 36. Rxa8 Bf8 37. Ra7+ Ke6 38. Nc7+ Kd6 39. Bxd4 exd4 40. Nxb5+ Kc5 41. Rf7 Bh6 42. Rxh7 e3 43. Kf1 1-0

[Event "Belgrade Radnicki IM 03"]
[Site "Belgrade"]
[Date "2024.03.16"]
[Round "4"]
[White "Alimpic, Aleksa"]
[Black "Cetkovic, Miodrag"]
[Result "1-0"]
[WhiteElo "2254"]
[BlackElo "1995"]
[PlyCount "73"]
[EventDate "2024.03.13"]
[EventType "tourn"]
[EventRounds "9"]
[EventCountry "SRB"]
[SourceTitle "CB13_2024"]
[SourceDate "2024.03.27"]
[SourceVersion "1"]
[SourceVersionDate "2024.03.27"]
[SourceQuality "1"]

1. d4 g6 2. e4 Bg7 3. Nf3 c6 4. Bd3 d5 5. e5 h5 6. 0-0 Nh6 7. Re1 Bg4 8. Nbd2 e6 9. h3 Bf5 10. Nf1 Bxd3 11. Qxd3 Nd7 12. Ng3 Nf8 13. b3 Nh7 14. c4 0-0 15. Ba3 Re8 16. Bd6 h4 17. Nf1 Nf5 18. c5 Bh6 19. N1h2 Bf4 20. Ng4 Kg7 21. b4 b5 22. a4 a6 23. Ra3 Qc8 24. Ne3 Nxe3 25. fxe3 Bg3 26. Rea1 Qb7 27. Qe2 a5 28. Qd2 bxa4 29. bxa5 Ra6 30. Rxa4 Rea8 31. Qc2 Qc8 32. Nd2 Qd8 33. Nb3 Ng5 34. Rf1 Ne4 35. Rb4 R8a7 36. Rb6 Kg8 37. Rb8 1-0

[Event "Belgrade Radnicki IM 03"]
[Site "Belgrade"]
[Date "2024.03.15"]
[Round "3"]
[White "Stojanovic, Mihajlo"]
[Black "Alimpic, Aleksa"]
[Result "1/2-1/2"]
[WhiteElo "2476"]
[BlackElo "2254"]
[PlyCount "65"]
[EventDate "2024.03.13"]
[EventType "tourn"]
[EventRounds "9"]
[EventCountry "SRB"]
[SourceTitle "CB13_2024"]
[SourceDate "2024.03.27"]
[SourceVersion "1"]
[SourceVersionDate "2024.03.27"]
[SourceQuality "1"]

1. d4 d5 2. c4 dxc4 3. Nf3 Nf6 4. e3 e6 5. Bxc4 c5 6. 0-0 a6 7. dxc5 Bxc5 8. Qxd8+ Kxd8 9. Ne5 Ke7 10. Be2 Nbd7 11. Nc4 b6 12. Nc3 a5 13. Na4 Ba6 14. Nxc5 bxc5 15. f3 a4 16. Rf2 Bxc4 17. Bxc4 Rhb8 18. Rc2 Ne8 19. Bd2 Nd6 20. Be2 f6 21. Rd1 Ra7 22. Kf2 Rb6 23. g4 Rab7 24. Bc3 Nb5 25. Ba5 Rd6 26. Rxd6 Nxd6 27. Ke1 g5 28. Kd1 f5 29. Kc1 Rb8 30. h3 Rc8 31. Bd1 Nf6 32. Rg2 h6 33. Bd2 1/2-1/2

[Event "SRB-ch sf"]
[Site "Paracin"]
[Date "2024.02.10"]
[Round "8"]
[White "Alimpic, Aleksa"]
[Black "Sedlak, Nikola"]
[Result "1/2-1/2"]
[WhiteElo "2268"]
[BlackElo "2461"]
[PlyCount "71"]
[EventDate "2024.02.05"]
[EventType "swiss"]
[EventRounds "9"]
[EventCountry "SRB"]
[SourceTitle "CB07_2024"]
[SourceDate "2024.02.14"]
[SourceVersion "1"]
[SourceVersionDate "2024.02.14"]
[SourceQuality "1"]

1. d4 e6 2. e4 d5 3. exd5 exd5 4. Bd3 Nc6 5. c3 Bd6 6. Nf3 Nge7 7. 0-0 Bg4 8. Nbd2 Qd7 9. Re1 f6 10. b4 Bf5 11. Bf1 0-0 12. a4 Rae8 13. Qb3 Kh8 14. Ba3 Be6 15. Bd3 Bf7 16. Qc2 Ng6 17. Bf5 Qd8 18. g3 Rxe1+ 19. Rxe1 Re8 20. Bc1 Rxe1+ 21. Nxe1 Qe8 22. Ndf3 a5 23. b5 Nce7 24. Bd3 Nc8 25. Ng2 Nge7 26. Nfh4 Nb6 27. Ne3 Bg8 28. Qd1 Nc4 29. Qe2 Nxe3 30. Bxe3 Bf7 31. Bd2 Qd7 32. Qf3 Kg8 33. Bc2 Qe6 34. Ng2 Bg6 35. Bxg6 hxg6 36. h4 1/2-1/2

[Event "Titled Tuesday intern op 16th Jan Early"]
[Site "Chess.com INT"]
[Date "2024.01.16"]
[Round "4"]
[White "Hambleton, Aman"]
[Black "Alimpic, Aleksa"]
[Result "1-0"]
[WhiteElo "2420"]
[BlackElo "2282"]
[PlyCount "81"]
[EventDate "2024.01.16"]
[EventType "swiss (blitz)"]
[EventRounds "11"]
[EventCountry "USA"]
[SourceTitle "CB04_2024"]
[SourceDate "2023.10.16"]
[SourceVersion "1"]
[SourceVersionDate "2023.10.16"]
[SourceQuality "1"]

1. d4 d5 2. Bf4 Nf6 3. e3 c5 4. c3 Nc6 5. Nd2 cxd4 6. exd4 Bg4 7. Qb3 Qc8 8. Ngf3 e6 9. Bd3 Be7 10. 0-0 Bh5 11. Rfe1 Bg6 12. Bxg6 hxg6 13. Ne5 Nxe5 14. Bxe5 Qc6 15. a4 Bd6 16. Nf3 0-0 17. g3 Nd7 18. Bxd6 Qxd6 19. Kg2 a6 20. h4 Rab8 21. Rh1 Nf6 22. Ne5 b5 23. axb5 axb5 24. Nd3 Nd7 25. h5 gxh5 26. Rxh5 g6 27. Rh4 Kg7 28. Rah1 Nf6 29. Ne5 b4 30. cxb4 Qxb4 31. Qe3 Rh8 32. Rxh8 Rxh8 33. Rxh8 Kxh8 34. Nxf7+ Kg7 35. Ng5 Qxb2 36. Nxe6+ Kg8 37. Qe5 Kf7 38. Ng5+ Kg7 39. Qe7+ Kh6 40. Qxf6 Qxf2+ 41. Kxf2 1-0

[Event "Bosnjaci op 28th"]
[Site "Bosnjaci"]
[Date "2024.01.06"]
[Round "6"]
[White "Kovacevic, Blazimir"]
[Black "Alimpic, Aleksa"]
[Result "1/2-1/2"]
[WhiteElo "2381"]
[BlackElo "2282"]
[PlyCount "51"]
[EventDate "2024.01.03"]
[EventType "swiss"]
[EventRounds "9"]
[EventCountry "CRO"]
[SourceTitle "CB02_2024"]
[SourceDate "2024.01.10"]
[SourceVersion "1"]
[SourceVersionDate "2024.01.10"]
[SourceQuality "1"]

1. Nf3 d5 2. g3 Nc6 3. d4 Bf5 4. Bg2 Nb4 5. Na3 e6 6. 0-0 Be7 7. Ne5 f6 8. Nf3 Nc6 9. b3 Qd7 10. c4 0-0-0 11. Nc2 g5 12. Ne3 Be4 13. Bh3 f5 14. cxd5 exd5 15. Nxg5 Bxg5 16. f3 Nge7 17. fxe4 Bxe3+ 18. Bxe3 dxe4 19. Qe1 h5 20. Rd1 Qe6 21. Qf2 Rd5 22. Rc1 Rf8 23. Rc4 Kb8 24. Rfc1 Rd7 25. Rf1 Rd5 26. Rfc1 1/2-1/2

[Event "Pozarevac Rudar 19th"]
[Site "Pozarevac"]
[Date "2023.11.16"]
[Round "2.1"]
[White "Jocev, Milan"]
[Black "Alimpic, Aleksa"]
[Result "1/2-1/2"]
[WhiteElo "2338"]
[BlackElo "2271"]
[PlyCount "87"]
[EventDate "2023.11.15"]
[EventType "tourn"]
[EventRounds "9"]
[EventCountry "SRB"]
[SourceTitle "CB49_2023"]
[SourceDate "2023.12.06"]
[SourceVersion "1"]
[SourceVersionDate "2023.12.06"]
[SourceQuality "1"]
[WhiteTeam "Team B"]
[BlackTeam "Team D"]
[WhiteTeamCountry "SRB"]
[BlackTeamCountry "SRB"]

1. d4 d5 2. Nc3 Nf6 3. Bf4 c5 4. e4 cxd4 5. Qxd4 Nc6 6. Bb5 Bd7 7. Bxc6 Bxc6 8. e5 Nd7 9. e6 fxe6 10. Nf3 Qb6 11. 0-0-0 Qxd4 12. Rxd4 g5 13. Bxg5 e5 14. Rxd5 Bxd5 15. Nxd5 Kf7 16. Re1 Rg8 17. Bh4 e6 18. Nc3 Be7 19. Bg3 Rad8 20. Ne4 b6 21. c3 h5 22. h4 Rg4 23. b4 Bf6 24. Kc2 Ke7 25. Re3 Rc8 26. Kd3 Rd8 27. Ke2 Rgg8 28. Nxf6 Nxf6 29. Bxe5 Ng4 30. Re4 Nxe5 31. Rxe5 Rd5 32. Rxd5 exd5 33. g3 a5 34. a3 axb4 35. axb4 Ra8 36. Nd4 Kf6 37. Kd3 Ra1 38. f3 Ke5 39. Ne2 Rd1+ 40. Ke3 Re1 41. Kd2 Rf1 42. Nd4 Rg1 43. Ne2 Rf1 44. Nd4 1/2-1/2

[Event "SRB-chT 2nd League"]
[Site "Novi Sad"]
[Date "2023.11.08"]
[Round "9.2"]
[White "Alimpic, Aleksa"]
[Black "Varga, Zoltan"]
[Result "1/2-1/2"]
[WhiteElo "2271"]
[BlackElo "2371"]
[PlyCount "117"]
[EventDate "2023.11.02"]
[EventType "team-tourn"]
[EventRounds "11"]
[EventCountry "SRB"]
[SourceTitle "CB46_2023"]
[SourceDate "2023.11.15"]
[SourceVersion "1"]
[SourceVersionDate "2023.11.15"]
[SourceQuality "1"]
[WhiteTeam "Gajdobra Hercegovac"]
[BlackTeam "Krajisnik Krajina"]
[WhiteTeamCountry "SRB"]
[BlackTeamCountry "SRB"]

1. d4 d6 2. e4 Nf6 3. Nd2 g6 4. Ngf3 Bg7 5. Bb5+ c6 6. Bd3 Nh5 7. 0-0 Nf4 8. Bc4 d5 9. Bb3 0-0 10. Re1 a5 11. a4 Na6 12. Nf1 dxe4 13. Rxe4 Nd5 14. Bg5 h6 15. Bd2 Bf5 16. Re1 Bg4 17. h3 Bxf3 18. Qxf3 e6 19. Rad1 Kh7 20. c4 Ne7 21. Bc3 Qb6 22. Bc2 Nb4 23. Bb1 Rad8 24. c5 Qc7 25. h4 Nbd5 26. h5 Qf4 27. Qh3 Qg5 28. Bd2 Nf4 29. Bxf4 Qxf4 30. Re4 Qf6 31. Ne3 Kh8 32. g4 Nd5 33. Nc4 Qg5 34. hxg6 f5 35. Re5 Nf4 36. Qf3 fxg4 37. Rxg5 gxf3 38. Rg4 Rxd4 39. Rxd4 Bxd4 40. Nxa5 h5 41. Rh4 Bxc5 42. Nxb7 Be7 43. Rh1 Rb8 44. Na5 Rxb2 45. Kh2 h4 46. Rf1 Bc5 47. Nc4 Rb4 48. Ne5 Rxa4 49. Nxf3 Kg7 50. Rd1 Nd5 51. Ng5 Bd6+ 52. Kh1 Ra1 53. Nxe6+ Kf6 54. Nd4 Nc3 55. g7 Kxg7 56. Nf5+ Kf6 57. Rxd6+ Ke5 58. Rxc6 Rxb1+ 59. Kg2 1/2-1/2

[Event "SRB-chT 2nd League"]
[Site "Novi Sad"]
[Date "2023.11.02"]
[Round "1.2"]
[White "Szalai, Kornel"]
[Black "Alimpic, Aleksa"]
[Result "0-1"]
[WhiteElo "2379"]
[BlackElo "2271"]
[PlyCount "74"]
[EventDate "2023.11.02"]
[EventType "team-tourn"]
[EventRounds "11"]
[EventCountry "SRB"]
[SourceTitle "CB46_2023"]
[SourceDate "2023.11.15"]
[SourceVersion "1"]
[SourceVersionDate "2023.11.15"]
[SourceQuality "1"]
[WhiteTeam "Lajos Segi Bajsa"]
[BlackTeam "Gajdobra Hercegovac"]
[WhiteTeamCountry "SRB"]
[BlackTeamCountry "SRB"]

1. g3 d5 2. Bg2 e5 3. c4 d4 4. d3 Nc6 5. Nf3 Bb4+ 6. Nbd2 a5 7. 0-0 Nf6 8. Rb1 a4 9. Ne1 0-0 10. Nc2 Bd6 11. Nf3 Re8 12. Bd2 Bg4 13. Re1 Qd7 14. Bg5 Qf5 15. Qc1 h6 16. e4 Qg6 17. Bd2 Nd7 18. Nh4 Qf6 19. f3 Be6 20. f4 Nc5 21. Bf1 exf4 22. Bxf4 g5 23. Bxd6 cxd6 24. Ng2 Ne5 25. Rd1 Bg4 26. Nxd4 Bxd1 27. Qxd1 Nexd3 28. Nf5 Rxe4 29. Bxd3 Nxd3 30. g4 Ne5 31. Nge3 Kh8 32. Qd5 Rf4 33. h3 Nf3+ 34. Kh1 Re8 35. Qb5 Qe5 36. Qxe5+ Rxe5 37. Rd1 Rfxf5 0-1

[Event "BIH-chT1 30th"]
[Site "Gorazde"]
[Date "2023.08.30"]
[Round "8.2"]
[White "Alimpic, Aleksa"]
[Black "Avdic, Mirza"]
[Result "1-0"]
[WhiteElo "2301"]
[BlackElo "2053"]
[PlyCount "85"]
[EventDate "2023.08.26"]
[EventType "team-tourn"]
[EventRounds "9"]
[EventCountry "BIH"]
[SourceTitle "EXT 2024"]
[Source "ChessBase"]
[SourceDate "2023.10.10"]
[SourceVersion "1"]
[SourceVersionDate "2023.10.10"]
[SourceQuality "1"]

1. d4 e6 2. e4 d5 3. exd5 exd5 4. Bd3 Nc6 5. c3 Bd6 6. Ne2 Nge7 7. Bf4 Bg4 8. Qd2 Qd7 9. Bxd6 Qxd6 10. 0-0 Bxe2 11. Qxe2 0-0 12. Nd2 Ng6 13. Qh5 h6 14. g3 Rfe8 15. Rae1 Nf8 16. Nf3 Rad8 17. Nh4 Nb8 18. Nf5 Qf6 19. Qf3 Rxe1 20. Rxe1 Ne6 21. h4 Kf8 22. Kg2 Nc6 23. Qd1 Ne7 24. Ne3 Nc8 25. Ng4 Qe7 26. Bf5 Rd6 27. Re3 Nb6 28. Ne5 Kg8 29. Qg4 Nf8 30. Nc4 Re6 31. Bxe6 Nxc4 32. Bxf7+ Qxf7 33. Rf3 Qe8 34. b3 Nd2 35. Re3 Qb5 36. Qf5 Qf1+ 37. Kh2 Qb1 38. Qxd5+ Kh7 39. Re8 c6 40. Qf7 Nf1+ 41. Kg2 Nxg3 42. fxg3 Qxa2+ 43. Qf2 1-0

[Event "Titled Tuesday intern op 01st Aug Early"]
[Site "Chess.com INT"]
[Date "2023.08.01"]
[Round "7"]
[White "Cardenas Carbajal, Nilson"]
[Black "Alimpic, Aleksa"]
[Result "0-1"]
[WhiteElo "2126"]
[BlackElo "2301"]
[PlyCount "58"]
[EventDate "2023.08.01"]
[EventType "swiss (blitz)"]
[EventRounds "11"]
[EventCountry "USA"]
[SourceTitle "EXT 2024"]
[Source "ChessBase"]
[SourceDate "2023.10.10"]
[SourceVersion "1"]
[SourceVersionDate "2023.10.10"]
[SourceQuality "1"]

1. e4 g6 2. d4 Bg7 3. Be3 a6 4. Nc3 b5 5. Qd2 Bb7 6. h4 h5 7. Nh3 d6 8. Ng5 Nd7 9. 0-0-0 Rc8 10. f4 c5 11. e5 cxd4 12. Bxd4 dxe5 13. fxe5 e6 14. Qf4 Nh6 15. Bd3 0-0 16. Be4 Bxe4 17. Ncxe4 Qc7 18. Rd2 Nxe5 19. Nf6+ Bxf6 20. Qxf6 Nhg4 21. Qf4 Nc4 22. Qxc7 Rxc7 23. Re2 e5 24. Bc3 Re8 25. Rf1 f6 26. Ne4 f5 27. Ng5 e4 28. b3 Nce3 29. Bb2 Nxf1 0-1

[Event "Titled Tuesday intern op 11th Jul Early"]
[Site "Chess.com INT"]
[Date "2023.07.11"]
[Round "11"]
[White "Alimpic, Aleksa"]
[Black "Floresvillar Gonzalez, Luis Miguel"]
[Result "1-0"]
[WhiteElo "2201"]
[BlackElo "2019"]
[PlyCount "73"]
[EventDate "2023.07.11"]
[EventType "swiss (blitz)"]
[EventRounds "11"]
[EventCountry "USA"]
[SourceTitle "EXT 2024"]
[Source "ChessBase"]
[SourceDate "2023.10.10"]
[SourceVersion "1"]
[SourceVersionDate "2023.10.10"]
[SourceQuality "1"]

1. d4 d5 2. Nf3 Bf5 3. Bf4 e6 4. e3 Bd6 5. Bxd6 cxd6 6. Bd3 Bxd3 7. Qxd3 f5 8. 0-0 Nf6 9. c4 dxc4 10. Qxc4 d5 11. Qb5+ Qd7 12. Nc3 a6 13. Qb3 Nc6 14. Na4 Ne4 15. Nb6 Qd8 16. Nxa8 Qxa8 17. Rfc1 0-0 18. Ne5 Nxe5 19. dxe5 b5 20. Qb4 h6 21. f3 Ng5 22. Rc7 Qb8 23. Rac1 Kh7 24. Qe7 Rf7 25. Qd6 Rxc7 26. Qxc7 Qf8 27. h4 Nf7 28. Qc5 Qd8 29. Qc7 Qxc7 30. Rxc7 Nxe5 31. b3 Kg6 32. Ra7 Nd3 33. Rxa6 Kf6 34. a4 bxa4 35. bxa4 Ke5 36. h5 Nc5 37. Ra7 1-0

[Event "Titled Tuesday intern op 04th Jul Late"]
[Site "Chess.com INT"]
[Date "2023.07.04"]
[Round "9"]
[White "Alimpic, Aleksa"]
[Black "Biliy, Vadim"]
[Result "1-0"]
[WhiteElo "2201"]
[BlackElo "2331"]
[PlyCount "87"]
[EventDate "2023.07.04"]
[EventType "swiss (blitz)"]
[EventRounds "11"]
[EventCountry "USA"]
[SourceTitle "EXT 2024"]
[Source "ChessBase"]
[SourceDate "2023.10.10"]
[SourceVersion "1"]
[SourceVersionDate "2023.10.10"]
[SourceQuality "1"]

1. Nf3 c5 2. c4 Nc6 3. g3 b6 4. Bg2 Bb7 5. 0-0 Nd4 6. e3 Nxf3+ 7. Bxf3 Bxf3 8. Qxf3 Nf6 9. d4 cxd4 10. exd4 d5 11. Nc3 e6 12. Re1 Be7 13. cxd5 Nxd5 14. Nxd5 Qxd5 15. Qxd5 exd5 16. Bd2 a5 17. Rac1 Kd7 18. Re5 Bf6 19. Rxd5+ Ke6 20. Rb5 Bxd4 21. Be3 Bxe3 22. fxe3 Rhd8 23. Rc6+ Rd6 24. Rxd6+ Kxd6 25. Rxb6+ Kd5 26. Kf2 Ra7 27. Kf3 a4 28. h4 a3 29. b3 Ke5 30. Rb5+ Ke6 31. h5 h6 32. Kf4 Kf6 33. Rb6+ Ke7 34. e4 Ra5 35. g4 Ra7 36. e5 Ra5 37. Ke4 Ra7 38. Kf5 Ra5 39. Rb7+ Kf8 40. b4 Ra6 41. b5 Ra5 42. b6 f6 43. Kg6 Rxe5 44. Rc7 1-0

[Event "Titled Tuesday intern op 04th Jul Late"]
[Site "Chess.com INT"]
[Date "2023.07.04"]
[Round "8"]
[White "Winkels, Marcel"]
[Black "Alimpic, Aleksa"]
[Result "1/2-1/2"]
[WhiteElo "1920"]
[BlackElo "2201"]
[PlyCount "77"]
[EventDate "2023.07.04"]
[EventType "swiss (blitz)"]
[EventRounds "11"]
[EventCountry "USA"]
[SourceTitle "EXT 2024"]
[Source "ChessBase"]
[SourceDate "2023.10.10"]
[SourceVersion "1"]
[SourceVersionDate "2023.10.10"]
[SourceQuality "1"]

1. e4 g6 2. d4 Bg7 3. Nc3 a6 4. a4 d6 5. Be3 Nd7 6. f4 e6 7. Nf3 Ne7 8. Bd3 0-0 9. 0-0 d5 10. Qe1 c5 11. exd5 Nxd5 12. Nxd5 exd5 13. Ne5 Re8 14. Qg3 cxd4 15. Bxd4 Nxe5 16. Bxe5 Bxe5 17. fxe5 Be6 18. b3 b5 19. axb5 axb5 20. Rxa8 Qxa8 21. Bxb5 Rc8 22. Bd3 Qa7+ 23. Qf2 Qc7 24. Qd4 Ra8 25. h3 Ra2 26. Ra1 Rxa1+ 27. Qxa1 Qc5+ 28. Kh2 Qe3 29. Qa8+ Kg7 30. Qb8 Qf4+ 31. Kg1 d4 32. Qd6 Qe3+ 33. Kh2 Qf4+ 34. Kg1 Qe3+ 35. Kf1 Qc1+ 36. Kf2 Qe3+ 37. Kf1 Qc1+ 38. Kf2 Qe3+ 39. Kf1 1/2-1/2

[Event "Brcko 1st"]
[Site "Brcko"]
[Date "2023.07.03"]
[Round "9"]
[White "Pikula, Dejan"]
[Black "Alimpic, Aleksa"]
[Result "1/2-1/2"]
[WhiteElo "2332"]
[BlackElo "2275"]
[PlyCount "58"]
[EventDate "2023.06.28"]
[EventType "tourn"]
[EventRounds "9"]
[EventCountry "BIH"]
[SourceTitle "EXT 2024"]
[Source "ChessBase"]
[SourceDate "2023.10.10"]
[SourceVersion "1"]
[SourceVersionDate "2023.10.10"]
[SourceQuality "1"]

1. e4 g6 2. d4 Bg7 3. Nc3 d6 4. Nf3 Nf6 5. Bd3 0-0 6. h3 Nbd7 7. Be3 e5 8. 0-0 c6 9. a4 Qe7 10. Re1 exd4 11. Nxd4 Nc5 12. Bf4 Re8 13. Qd2 Nxd3 14. Qxd3 Nh5 15. Bh2 Be5 16. Rad1 Qf6 17. Nf3 Nf4 18. Bxf4 Qxf4 19. Nxe5 dxe5 20. a5 Be6 21. Na4 Qf6 22. Nc5 Rad8 23. Qc3 Bc8 24. b4 Qe7 25. Rd3 Qg5 26. Kh2 Qf4+ 27. Kg1 Qg5 28. Kh2 Qf4+ 29. Kg1 Qg5 1/2-1/2

[Event "Brcko 1st"]
[Site "Brcko"]
[Date "2023.07.02"]
[Round "7"]
[White "Pucovski, Miroslav"]
[Black "Alimpic, Aleksa"]
[Result "1/2-1/2"]
[WhiteElo "2231"]
[BlackElo "2275"]
[PlyCount "79"]
[EventDate "2023.06.28"]
[EventType "tourn"]
[EventRounds "9"]
[EventCountry "BIH"]
[SourceTitle "EXT 2024"]
[Source "ChessBase"]
[SourceDate "2023.10.10"]
[SourceVersion "1"]
[SourceVersionDate "2023.10.10"]
[SourceQuality "1"]

1. e4 g6 2. d4 Bg7 3. c3 d6 4. Nf3 Nf6 5. Bd3 0-0 6. 0-0 Nc6 7. Nbd2 e5 8. dxe5 Nxe5 9. Nxe5 dxe5 10. Qe2 Nh5 11. Nc4 Be6 12. g3 Qe7 13. Rd1 Rad8 14. Be3 b6 15. Bc2 Rxd1+ 16. Rxd1 Rd8 17. Rxd8+ Qxd8 18. a4 Qd7 19. Nd2 Nf6 20. f3 Ne8 21. Qb5 Qxb5 22. axb5 Nd6 23. Bd3 f5 24. Kf2 Bf6 25. Ke2 Kf7 26. b3 h5 27. c4 h4 28. Bf2 hxg3 29. hxg3 Be7 30. f4 fxe4 31. Nxe4 exf4 32. gxf4 Bg4+ 33. Kd2 Nxe4+ 34. Bxe4 Bd6 35. Be3 Bf5 36. Bd5+ Kf6 37. Bd4+ Ke7 38. Be3 Kf6 39. Bd4+ Ke7 40. Be3 1/2-1/2

[Event "Brcko 1st"]
[Site "Brcko"]
[Date "2023.07.01"]
[Round "6"]
[White "Alimpic, Aleksa"]
[Black "Mikanovic, Sandro"]
[Result "1-0"]
[WhiteElo "2275"]
[BlackElo "2307"]
[PlyCount "67"]
[EventDate "2023.06.28"]
[EventType "tourn"]
[EventRounds "9"]
[EventCountry "BIH"]
[SourceTitle "EXT 2024"]
[Source "ChessBase"]
[SourceDate "2023.10.10"]
[SourceVersion "1"]
[SourceVersionDate "2023.10.10"]
[SourceQuality "1"]

1. d4 Nf6 2. Bg5 Ne4 3. Bf4 d5 4. e3 c5 5. Nd2 Nxd2 6. Qxd2 Nc6 7. Nf3 cxd4 8. exd4 Bf5 9. c3 e6 10. h3 Bd6 11. Bxd6 Qxd6 12. Bd3 Bxd3 13. Qxd3 0-0 14. 0-0 a6 15. Ng5 g6 16. Rfe1 b5 17. b4 Kg7 18. a4 Rab8 19. axb5 axb5 20. Nf3 Rfc8 21. Nd2 Qc7 22. Nb3 Qb6 23. Nc5 Ra8 24. g3 Ra7 25. Rxa7 Nxa7 26. h4 h5 27. Kg2 Nc6 28. Nxe6+ fxe6 29. Rxe6 Kh8 30. Qxg6 Qb7 31. Qxh5+ Kg8 32. Rg6+ Kf8 33. Qh8+ Kf7 34. Qh7+ 1-0

[Event "Brcko 1st"]
[Site "Brcko"]
[Date "2023.06.30"]
[Round "4"]
[White "Alimpic, Aleksa"]
[Black "Djoric, Dusan"]
[Result "1-0"]
[WhiteElo "2275"]
[BlackElo "2125"]
[PlyCount "63"]
[EventDate "2023.06.28"]
[EventType "tourn"]
[EventRounds "9"]
[EventCountry "BIH"]
[SourceTitle "EXT 2024"]
[Source "ChessBase"]
[SourceDate "2023.10.10"]
[SourceVersion "1"]
[SourceVersionDate "2023.10.10"]
[SourceQuality "1"]

1. d4 Nf6 2. Nf3 d5 3. c4 e6 4. Nc3 Be7 5. Bf4 0-0 6. e3 c5 7. dxc5 Qa5 8. a3 Qxc5 9. b4 Qc6 10. Ne5 Qe8 11. c5 Nc6 12. Nb5 Qd8 13. Bd3 a6 14. Nxc6 bxc6 15. Nd4 Bd7 16. 0-0 h6 17. h3 Re8 18. Be5 Bf8 19. Qc2 Re7 20. Rfb1 Be8 21. a4 Rb7 22. b5 axb5 23. axb5 Rxa1 24. Rxa1 cxb5 25. c6 Rb6 26. c7 Qc8 27. Ra8 Qxa8 28. c8Q Qxc8 29. Qxc8 Bd7 30. Qc7 Ra6 31. Bxf6 gxf6 32. Qxd7 1-0

[Event "Titled Tuesday intern op 23rd May Late"]
[Site "Chess.com INT"]
[Date "2023.05.23"]
[Round "3"]
[White "Haack, Kevin"]
[Black "Alimpic, Aleksa"]
[Result "1-0"]
[WhiteElo "2303"]
[BlackElo "2234"]
[PlyCount "97"]
[EventDate "2023.05.23"]
[EventType "swiss (blitz)"]
[EventRounds "11"]
[EventCountry "USA"]
[SourceTitle "EXT 2024"]
[Source "ChessBase"]
[SourceDate "2023.10.10"]
[SourceVersion "1"]
[SourceVersionDate "2023.10.10"]
[SourceQuality "1"]

1. c4 g6 2. Nc3 Bg7 3. g3 e5 4. Bg2 d6 5. e3 f5 6. Nge2 Nf6 7. 0-0 0-0 8. d3 a5 9. a3 c6 10. Rb1 Be6 11. b4 axb4 12. axb4 d5 13. cxd5 cxd5 14. Qb3 Bf7 15. d4 e4 16. b5 Nbd7 17. Ba3 Re8 18. Bc5 Bf8 19. Na4 b6 20. Bxf8 Rxf8 21. Nec3 Qe7 22. Na2 Rfc8 23. Nb4 h5 24. Nc6 Qd6 25. h4 Ng4 26. Bh3 Kg7 27. Bxg4 hxg4 28. Ne5 Nxe5 29. dxe5 Qxe5 30. Nxb6 d4 31. Qb4 dxe3 32. Qb2 exf2+ 33. Rxf2 Qxb2 34. Rfxb2 Bc4 35. Nxa8 Rxa8 36. Kf2 Bd3 37. Rc1 Rb8 38. b6 Kf6 39. Ke3 Ke5 40. Rc6 Kd5 41. Rxg6 Kc5 42. Rf6 f4+ 43. Kxf4 Rb7 44. Kxg4 Ba6 45. Kf4 Re7 46. Rf5+ Kd4 47. Rf8 Bb7 48. Rd8+ Kc3 49. Re2 1-0

[Event "Titled Tuesday intern op 11th Apr Late"]
[Site "Chess.com INT"]
[Date "2023.04.11"]
[Round "4"]
[White "Alimpic, Aleksa"]
[Black "Taboas Rodriguez, Daniel"]
[Result "0-1"]
[WhiteElo "2243"]
[BlackElo "2373"]
[PlyCount "76"]
[EventDate "2023.04.11"]
[EventType "swiss (blitz)"]
[EventRounds "11"]
[EventCountry "USA"]
[SourceTitle "CBM 213 Extra"]
[Source "ChessBase"]
[SourceDate "2023.05.31"]
[SourceVersion "1"]
[SourceVersionDate "2023.05.31"]
[SourceQuality "1"]

1. d4 Nf6 2. c4 g6 3. Nc3 Bg7 4. e4 0-0 5. Be2 d6 6. Be3 Nc6 7. d5 Ne5 8. f4 Neg4 9. Bd2 e5 10. h3 Nh6 11. fxe5 Nh5 12. Nf3 Ng3 13. Rg1 f5 14. Bg5 Qe8 15. Qd2 fxe4 16. Bxh6 exf3 17. gxf3 Nxe2 18. Nxe2 Qxe5 19. Bxg7 Kxg7 20. 0-0-0 Bf5 21. Nd4 Rae8 22. Rde1 Qf6 23. Nxf5+ Qxf5 24. Qd4+ Qf6 25. Qg4 Re5 26. h4 Qxf3 27. Qd7+ Rf7 28. Qc8 Qf4+ 29. Kb1 Qf5+ 30. Qxf5 Rfxf5 31. Rxe5 Rxe5 32. Kc2 Re4 33. Kd3 Rxh4 34. Re1 Kf6 35. Re8 Rh3+ 36. Kd4 Rh2 37. Kc3 h5 38. Rc8 h4 0-1